Evaluation on sustainability of land use for rubber in rural development (Record no. 59038)

MARC details
000 -LEADER
fixed length control field 01235nam a2200205Ia 4500
100 ## - MAIN ENTRY--AUTHOR NAME
Personal name Pushparajah E
245 #0 - TITLE STATEMENT
Title Evaluation on sustainability of land use for rubber in rural development
260 ## - PUBLICATION, DISTRIBUTION, ETC. (IMPRINT)
Name of publisher Planter
Year of publication 1997
300 ## - PHYSICAL DESCRIPTION
Number of Pages 557-567
520 ## - SUMMARY, ETC.
Summary, etc Rubber is an established crop for large scale perennial tree cultivation. The wealth of information gathered from agronomic research has provided threshold indicators for crop production. In addition, since natural rubber is a major commodity on the world market, economic and market indicators are also available to determine the degree of sustainability of rubber production. Rubber is dominantly a smallholders crop. Apart from biophysical indicators, socio-economic perspectives are important considerations that can provide useful indicators. These indicators may eventually enhance the acceptance of technologies by smallholders and subsequently, rubber in the smallholding sector can be cultivated on a sustainable basis.
650 ## - SUBJECT ADDED ENTRY--TOPICAL TERM
Topical Term Indicators
650 ## - SUBJECT ADDED ENTRY--TOPICAL TERM
Topical Term Rubber
650 ## - SUBJECT ADDED ENTRY--TOPICAL TERM
Topical Term Sustainability
650 ## - SUBJECT ADDED ENTRY--TOPICAL TERM
Topical Term Sustainable land use
700 ## - ADDED ENTRY--PERSONAL NAME
Personal name Unni K
700 ## - ADDED ENTRY--PERSONAL NAME
Personal name Yew F K
700 ## - ADDED ENTRY--PERSONAL NAME
Personal name Zainol E
942 ## - ADDED ENTRY ELEMENTS (KOHA)
Koha item type Journals
Holdings
Withdrawn status Lost status Damaged status Not for loan Home library Current library Shelving location Date acquired Serial Enumeration / chronology Koha item type
      Journals RRII Library RRII Library Soils and agonomy 17/12/2021 Volume 73, Issue 859 Journals